L'année 2017 - Quiz - Statistiques

Statistiques générales
  • Ce quiz a été pris 394 fois
  • Le résultat moyen est 10 sur 17
Statistiques - réponses
Question Réponse % Correct
Quelle région d'Espagne a organisé un référendum appelant à l'indépendance ? Catalogne
89%
Quelle «crypto-monnaie» a atteint un prix de plus de 19 000 $ ? Bitcoin
85%
Jeff Bezos est devenu la personne la plus riche du monde, avec une fortune de plus de 100 milliards de dollars. Quelle entreprise dirige-t-il? Amazon
84%
Qui s'est fiancé à Meghan Markle ? Le Prince Harry
84%
Quelle ville Donald Trump a-t-elle reconnue comme capitale d'Israël? Jerusalem
82%
Quelle chanson de Luis Fonsi et Daddy Yankee est arrivée en tête des classements dans 47 pays différents? Despacito
76%
Quel groupe djihadiste a perdu presque tout son territoire en Irak et en Syrie? Etat Islamique
71%
Quelle ville britannique a subi une attentat lors d'un concert d'Ariana Grande faisant 23 morts ? Manchester
71%
Emmanuel Macron est élu président de la France, pour quel parti était-il candidat ? La république en marche
67%
Pourquoi la Russie a-t'elle été bannie des Jeux olympiques d'hiver ? Dopage
63%
De quel accord sur le climat les États-Unis se sont-ils retirés? Accord de {Paris}
62%
Quelle entreprise a acheté 20th Century Fox - créant un mastodonte du divertissement? Disney
55%
Quel puissant producteur hollywoodien a été accusé de harcèlement sexuel, déclenchant une cascade d'allégations contre d'autres célébrités? Harvey Weinstein
51%
Qui étaient Maria, Irma et Harvey ? Ouragans
33%
Quelle partie de l'Iraq a voté pour devenir indépendante? Kurdistan
22%
Quelle montagne australienne n'est désormais plus accessible aux touristes ? Uluru
21%
Qui a peint le "Salvator Mundi", qui s'est vendu aux enchères pour 450 millions de dollars? Léonard de Vinci
19%
Aucun quiz correspondant
Distribution des résultats
% des personnes avec chaque résultat
Percentile par nombre de réponses
Votre historique - résultats
Vous n’avez pas pris ce quiz